World development report 2014 : (Record no. 74009)
[ view plain ]
| 000 -LEADER | |
|---|---|
| fixed length control field | 00753nam a22002417a 4500 |
| 001 - CONTROL NUMBER | |
| control field | 74009 |
| 003 - CONTROL NUMBER IDENTIFIER | |
| rucl marc code | BD-RjUL |
| 005 - DATE AND TIME OF LATEST TRANSACTION | |
| control field | 20211209082455.0 |
| 008 - FIXED-LENGTH DATA ELEMENTS--GENERAL INFORMATION | |
| fixed length control field | 171220s2013 wauoaf|| |||| 001 0 eng d |
| 020 ## - INTERNATIONAL STANDARD BOOK NUMBER | |
| International Standard Book Number | 9780821399033 |
| 035 ## - SYSTEM CONTROL NUMBER | |
| System control number | (BD-RjUL)74227 |
| 040 ## - CATALOGING SOURCE | |
| Original cataloging agency | BD-RjUL |
| Language of cataloging | eng |
| Transcribing agency | BD-RjUL |
| 041 ## - LANGUAGE CODE | |
| Language code of text/sound track or separate title | eng |
| 082 ## - DEWEY DECIMAL CLASSIFICATION NUMBER | |
| Edition number | 23 |
| Classification number | 332.673091724 |
| Author mark and year | WOR 2013 |
| 110 ## - MAIN ENTRY--CORPORATE NAME | |
| Relator code | world Bank |
| 245 10 - TITLE STATEMENT | |
| Title | World development report 2014 : |
| Remainder of title | risk and opportunity : managing risk for development / |
| Statement of responsibility, etc. | World Bank. |
| 260 ## - PUBLICATION, DISTRIBUTION, ETC. (IMPRINT) | |
| Place of publication, distribution, etc. | Washington , DC : |
| Name of publisher, distributor, etc. | The World Bank , |
| Date of publication, distribution, etc. | c2013 |
| 300 ## - PHYSICAL DESCRIPTION | |
| Pagination | Xvi , 343 p. : |
| Illustrations | ill ; |
| Size | 28 cm. |
| 500 ## - GENERAL NOTE | |
| General note | Includes Index |
| 650 ## - SUBJECT ADDED ENTRY--TOPICAL TERM | |
| Topical term or geographic name as entry element | Risk management |
| Form subdivision | Developing countries. |
| 9 (RLIN) | 219819 |
| Topical term or geographic name as entry element | Development economics. |
| 9 (RLIN) | 219820 |
| 942 ## - ADDED ENTRY ELEMENTS (KOHA) | |
| Source of classification or shelving scheme | Dewey Decimal Classification |
| Koha item type | Books |
| Lost status | Source of classification or shelving scheme | Damaged status | Not for loan | Collection code | Permanent Location | Current Location | Shelving location | Date acquired | Source of acquisition | Total Checkouts | Full call number | Date last seen | Copy number | Koha item type |
|---|---|---|---|---|---|---|---|---|---|---|---|---|---|---|
| Dewey Decimal Classification | Not For Loan | Non-fiction | Central Library, University of Rajshahi | Central Library, University of Rajshahi | Reading Room | 24/09/2017 | AUTHOR | 332.673091724 WOR 2013 | 20/12/2017 | C-1 | Books | |||
| Dewey Decimal Classification | Not For Loan | Non-fiction | Central Library, University of Rajshahi | Central Library, University of Rajshahi | Reading Room | 24/09/2017 | AUTHOR | 332.673091724 WOR 2013 | 20/12/2017 | C-2 | Books |